00262nam a2200097Ia 4500008004100000041000800041100003300049110001200082245005000094260002000144211028s2011 xx 000 0 und d aeng aVikhyath, P; Aravind.g91937 aAravind aEnterprise planning for vanity fair corp ltd. aMangalorec2011